00633nam a2200193Ia 450000500170000000800410001704100080005808200130006610000130007924500660009226000370015830000090019550000260020465000330023070000250026394200070028899900170029595201270031220230425211135.0230125s9999 xx 000 0 und d aeng a657bVAZ aVaze A T aPragati question-answers : Theory and history of co-operation c2003bPragati publicationsaPune a116p aAccounting standards  aAccounting standards9181250 aVaze A T & Pawar I D cBK c92394d92394 00104070aHIMRbHIMRd2005-11-25eSatya Gilanio657 VAZ DB0972pHIMR-DB-972r2023-01-25 00:00:00w2005-11-19yDBzDB0972